书目信息 |
| 题名: |
论一元论历史观之发展
|
|
| 作者: | 普列涨诺夫薯 ;博古 译 | |
| 分册: | ||
| 出版信息: | 北京 三联书店 1961.06 |
|
| 页数: | 308页 | |
| 开本: | 20cm | |
| 丛书名: | ||
| 单 册: | ||
| 中图分类: | B512.5 | |
| 科图分类: | ||
| 主题词: | 哲学--欧洲 | |
| 电子资源: | ||
| ISBN: | ||
| 000 | 00590nam0 2200205 45 | |
| 001 | 0404230847 | |
| 005 | 20080925161955.92 | |
| 010 | @dCNY0.75 | |
| 091 | @a2002.206 | |
| 100 | @a20040423d1961 km y0chiy0120 ea | |
| 101 | 0 | @achi |
| 200 | 1 | @a论一元论历史观之发展@ALun Yi Yuan Lun Li Shi Guan Zhi Fa Zhan@f(俄)普列涨诺夫薯@F(E)Pu Lie Zhang Nuo Fu Shu@g博古译 |
| 210 | @a北京@c三联书店@d1961.06 | |
| 215 | @a308页@d20cm | |
| 606 | 0 | @a哲学@x欧洲 |
| 690 | @aB512.5@v3 | |
| 701 | 0 | @a普列涨诺夫薯 |
| 702 | 0 | @a博古@ABo Gu@4译 |
| 801 | @aCN@bPftUser@c20080925 | |
| 905 | @f1@b14471@dB512.5@e26 | |
| 论一元论历史观之发展/(俄)普列涨诺夫薯/博古译.-北京:三联书店,1961.06 |
| 308页;20cm |
| ISBN :CNY0.75 |
| ● |
| 相关链接 |
|
|
|
|
正题名:论一元论历史观之发展
索取号:B512.5/26
 
预约/预借
| 序号 | 登录号 | 条形码 | 馆藏地/架位号 | 状态 | 备注 |
| 1 | 0014471 | 000518121 | 第一样本阅览室/ [索取号:B512.5/26] | 在馆 | |
| 2 | 0471274 | 204712748 | 密集书库/ [索取号:B512.5/26] | 在馆 |